00226nam a2200097Ia 4500008004100000100000900041245003600050260002500086300000900111650000800120191201s2008 xx 000 0 und d aICSI 0aExecutive Programme Company Law aN. DelhibICSIc2008 a1293 aMBA